| 000 | 00335nam a2200121Ia 4500 | ||
|---|---|---|---|
| 008 | 220901s9999||||xx |||||||||||||| ||und|| | ||
| 082 | _a670 ACM | ||
| 100 |
_aACME _913801 |
||
| 245 | 0 | _aJournal of manufacturing science and engineering | |
| 250 | _aVol. 133 Issue No. 1, 2& 3 | ||
| 260 |
_bASME _c2011 |
||
| 650 | _aProduction Technology | ||
| 999 |
_c193799 _d193799 |
||